000 00279nam a2200109Ia 4500
008 201217s9999 xx 000 0 und d
100 _aBertsekas, Dimitri and Gallager, Robert
245 0 _aData Networks
260 _aEnglewood Cliffs
_bPrentice Hall
300 _a486
942 _cBK
999 _c7650
_d7650